[Event "III ShakkiNet International"]
[Site "Helsinki"]
[Date "2001.06.28"]
[Round "7"]
[White "Holmsten, Aleksei"]
[Black "Maki-Uuro, Miikka"]
[Result "1-0"]
[WhiteElo "2442"]
[BlackElo "2346"]
[PlyCount "89"]

1. e4 c6 2. d4 d5 3. e5 c5 4. dxc5 Nc6 5. Bb5 e6 6. Be3 Nge7 7. c3 Bd7 8. Bxc6
Bxc6 9. Nf3 Nf5 10. Bd4 Nxd4 11. Qxd4 Qc7 12. b4 b6 13. cxb6 axb6 14. O-O Be7
15. Nbd2 O-O 16. Rfe1 Ra4 17. a3 Bb5 18. Ra2 Bc4 19. Nxc4 dxc4 20. Qe4 Rd8 21.
Nd4 Bf8 22. f4 g6 23. g4 Rd5 24. f5 Bg7 25. f6 Bf8 26. h4 Qa7 27. h5 b5 28.
hxg6 hxg6 29. Rh2 Rxd4 30. Qxd4 Qxd4+ 31. cxd4 Rxa3 32. d5 exd5 33. Rd1 Rb3 34.
Rxd5 Rxb4 35. Rc2 g5 36. Rd8 c3 37. Rxc3 Rxg4+ 38. Kf2 Rc4 39. Rxc4 bxc4 40.
Ke3 g4 41. Kf4 c3 42. Rc8 c2 43. Rxc2 Kh7 44. Kxg4 Kg6 45. Kf4 1-0

[Event "III ShakkiNet International"]
[Site "Helsinki"]
[Date "2001.06.28"]
[Round "7"]
[White "Nyback, Tomi"]
[Black "Salmensuu, Olli"]
[Result "1-0"]
[WhiteElo "2330"]
[BlackElo "2441"]
[PlyCount "181"]

1. Nf3 f5 2. b3 d6 3. Bb2 e5 4. c4 Nf6 5. g3 g6 6. Bg2 Bg7 7. O-O O-O 8. d3 Nc6
9. e3 Kh8 10. Nc3 Be6 11. d4 e4 12. d5 exf3 13. Bxf3 Ne4 14. Bxe4 fxe4 15. dxe6
Ne5 16. Qd5 Qc8 17. Na4 Re8 18. Qxe4 Rxe6 19. f4 Ng4 20. Bxg7+ Kxg7 21. Qd4+
Nf6 22. Nc3 c5 23. Qd3 Qe8 24. Rae1 Qe7 25. e4 Re8 26. Re2 a6 27. Rfe1 Qf7 28.
Qf3 Kg8 29. e5 dxe5 30. fxe5 Nd7 31. Qxb7 Nxe5 32. Qxf7+ Kxf7 33. Kg2 Nd3 34.
Rf1+ Kg7 35. Rxe6 Rxe6 36. Rd1 Nb4 37. Rd7+ Kf6 38. Kf3 Ke5 39. Ne4 Rc6 40. a3
Nc2 41. Rd5+ Ke6 42. Nxc5+ Ke7 43. Ke4 Nxa3 44. Kd3 h5 45. Kc3 Rb6 46. Rd1 Rc6
47. Rd5 Rb6 48. Na4 Rb8 49. Rd4 Rf8 50. Kb2 Nb5 51. cxb5 Rf2+ 52. Ka3 axb5 53.
Nc3 Rxh2 54. Rd5 Rg2 55. Rg5 Kf7 56. Kb4 Rd2 57. Nd5 Rd3 58. Nf4 Rf3 59. Nd5
Kg7 60. Nc3 Re3 61. g4 h4 62. Rxb5 Rg3 63. Re5 h3 64. Re2 Rxg4+ 65. Kc5 g5 66.
b4 Rh4 67. Rh2 g4 68. Ne2 Rh5+ 69. Kc4 Kf6 70. b5 Ke5 71. Kb4 Rh8 72. b6 Kd6
73. Kb5 Kd7 74. Ng3 Kc8 75. Ka6 Kb8 76. Rf2 h2 77. Rf4 Kc8 78. Rc4+ Kb8 79.
Rxg4 Ka8 80. Rd4 Kb8 81. Rd1 Ka8 82. Rh1 Kb8 83. Nf5 Rh3 84. Nd4 Ra3+ 85. Kb5
Ra2 86. Nc6+ Kb7 87. Na5+ Kc8 88. Ka6 Rc2 89. Rf1 Rb2 90. b7+ Kb8 91. Nc6+ 1-0

[Event "III ShakkiNet International"]
[Site "Helsinki"]
[Date "2001.06.29"]
[Round "8"]
[White "Horvath, Csaba"]
[Black "Salmensuu, Olli"]
[Result "1-0"]
[WhiteElo "2508"]
[BlackElo "2441"]
[PlyCount "110"]

1. Nf3 d5 2. b3 Bg4 3. Bb2 Nd7 4. e3 e6 5. d3 c6 6. Nbd2 h6 7. h3 Bh5 8. Qe2
Ngf6 9. e4 a5 10. a3 Be7 11. g3 Qb6 12. Bg2 O-O 13. O-O Nc5 14. Bd4 Qa6 15. Qe3
Nfd7 16. b4 Na4 17. Rab1 axb4 18. axb4 Bf6 19. e5 Be7 20. c4 dxc4 21. dxc4 Ndb6
22. Rfc1 Bg6 23. Rb3 Rfc8 24. Bf1 c5 25. bxc5 Nxc5 26. Rb5 Nbd7 27. Nb3 Nxb3
28. Rxb3 Bc5 29. Rb5 Bxd4 30. Nxd4 Nc5 31. Nb3 Nxb3 32. Rxb3 Qa7 33. c5 Rc7 34.
Bg2 Rd8 35. Ra3 Qb8 36. Rb3 Qc8 37. Kh2 Kh7 38. h4 Kg8 39. Rcc3 Kh7 40. Qf3
Rxc5 41. h5 Bf5 42. g4 Bc2 43. Rxc2 Rxc2 44. Qxf7 Qc4 45. Rf3 Qxg4 46. Rf4 Rxf2
47. Rxf2 Qh4+ 48. Bh3 Qg5 49. Qxe6 Qxh5 50. Qf5+ Qxf5 51. Bxf5+ g6 52. Bh3 Kg7
53. Rb2 Rb8 54. Rb6 Kf7 55. Kg3 Kg7 1-0

[Event "III ShakkiNet International"]
[Site "Helsinki"]
[Date "2001.06.29"]
[Round "8"]
[White "Maki-Uuro, Miikka"]
[Black "Nyback, Tomi"]
[Result "1/2-1/2"]
[WhiteElo "2346"]
[BlackElo "2330"]
[PlyCount "33"]

1. e4 c5 2. Nc3 Nc6 3. Nge2 d6 4. d4 cxd4 5. Nxd4 e5 6. Nf3 Be7 7. Bc4 Be6 8.
Bb3 h6 9. O-O Nf6 10. Qe2 O-O 11. Rd1 Rc8 12. Be3 a6 13. Nd5 Bxd5 14. Bxd5 Nxd5
15. Rxd5 Qc7 16. Qd2 Nb8 17. Ne1 1/2-1/2

[Event "III ShakkiNet International"]
[Site "Helsinki"]
[Date "2001.06.29"]
[Round "8"]
[White "Blauert, Joerg"]
[Black "Holmsten, Aleksei"]
[Result "1/2-1/2"]
[WhiteElo "2405"]
[BlackElo "2442"]
[PlyCount "266"]

1. e4 c5 2. c3 d5 3. exd5 Qxd5 4. d4 Nf6 5. Nf3 Bg4 6. Be2 e6 7. h3 Bh5 8. O-O
Nc6 9. a3 cxd4 10. cxd4 Be7 11. Nc3 Qd6 12. Be3 O-O 13. Qb3 Rfd8 14. Rfd1 a6
15. Rac1 b5 16. d5 exd5 17. g4 Na5 18. Qb4 Qxb4 19. axb4 Nb3 20. gxh5 Nxc1 21.
Rxc1 Bxb4 22. Nd4 Rdc8 23. Nf5 g6 24. hxg6 hxg6 25. Nh6+ Kf8 26. Na2 Rxc1+ 27.
Nxc1 Rc8 28. Nd3 Bd6 29. Ng4 Ne4 30. Bb6 Nc5 31. Kf1 Nxd3 32. Bxd3 Ke7 33. Ne3
Ke6 34. Nc2 Be5 35. b4 f5 36. Ba7 Rc3 37. Ke2 Rc7 38. Be3 Rh7 39. f4 Bd6 40.
Nd4+ Kf6 41. Bd2 Rxh3 42. Nf3 Rg3 43. Ne1 Rg4 44. Kf3 Rh4 45. Bf1 Rh7 46. Nc2
Rc7 47. Nd4 Bf8 48. Bd3 Ke7 49. Nb3 Bg7 50. Nc5 Rc6 51. Ke3 Kd6 52. Nb7+ Kc7
53. Na5 Rc3 54. Bxc3 Bxc3 55. Nb3 Bxb4 56. Ke2 Bd6 57. Nd4 Kd7 58. Nxb5 axb5
59. Bxb5+ Ke6 60. Be8 Kf6 61. Kf3 d4 62. Bb5 Bb4 63. Bc4 Bd2 64. Bb5 Ba5 65.
Bc4 Bc7 66. Bb5 Kg7 67. Bc4 Kh6 68. Bb5 Kh5 69. Bc4 Kh4 70. Bf7 Kh5 71. Bc4 Ba5
72. Bb5 Bd2 73. Bc4 Be3 74. Bb5 Bg1 75. Bc4 Bh2 76. Bb5 Kh4 77. Be8 Kh5 78. Bb5
Bg1 79. Bc4 Kh6 80. Bb5 Be3 81. Bc4 Bc1 82. Bb5 Bb2 83. Bc4 Ba1 84. Bb5 Bc3 85.
Bc4 Ba5 86. Bb5 Bc7 87. Bc4 Bb8 88. Bb5 Kg7 89. Bc4 Kf6 90. Bb5 Ke6 91. Be8 Kf6
92. Bb5 Bc7 93. Bc4 Ke7 94. Bb5 Ke6 95. Be8 d3 96. Bxg6 d2 97. Ke2 Bxf4 98. Bh5
Ke5 99. Bf3 Kd4 100. Bh5 Be3 101. Bf3 f4 102. Bh5 Kc3 103. Kd1 Bf2 104. Ke2 Be1
105. Kd1 Kd3 106. Be2+ Ke3 107. Bb5 Bh4 108. Bf1 Bd8 109. Bc4 Ba5 110. Bb5 Kf2
111. Bc4 f3 112. Bd5 Kg3 113. Bc4 Bb4 114. Bb5 Kg2 115. Bc6 Kf2 116. Bb7 Kg3
117. Ba6 Kg2 118. Bb7 Kg3 119. Ba6 f2 120. Bf1 Kh2 121. Ke2 Kg1 122. Bh3 Ba5
123. Kd1 f1=Q+ 124. Bxf1 Kxf1 125. Kc2 Ke2 126. Kb3 d1=Q+ 127. Kc4 Qd6 128. Kb5
Qb4+ 129. Kc6 Qd4 130. Kb7 Qd6 131. Ka8 Qd7 132. Kb8 Bb6 133. Ka8 Qa7# 1/2-1/2

[Event "III ShakkiNet International"]
[Site "Helsinki"]
[Date "2001.06.29"]
[Round "8"]
[White "Karttunen, Mika"]
[Black "Solozhenkin, Evgeniy"]
[Result "1-0"]
[WhiteElo "2466"]
[BlackElo "2512"]
[PlyCount "101"]

1. d4 Nf6 2. c4 e6 3. g3 d5 4. Bg2 dxc4 5. Nf3 Nc6 6. O-O Rb8 7. e3 Bd6 8. Nfd2
e5 9. d5 Ne7 10. Nxc4 O-O 11. Nc3 b5 12. Nxd6 cxd6 13. b4 Nd7 14. a4 bxa4 15.
Rxa4 Qc7 16. Qd3 Rb7 17. e4 Nb6 18. Nb5 Qb8 19. Ra5 Bd7 20. Na3 Na4 21. Bd2 Nc8
22. Rb1 Ncb6 23. f4 Re8 24. f5 f6 25. g4 Rc8 26. g5 fxg5 27. Rb3 Rbc7 28. Qg3
h6 29. Bf1 Rf8 30. h4 gxh4 31. Qxh4 Qd8 32. Qh2 Be8 33. Rg3 Kh7 34. Bg5 Qc8 35.
f6 h5 36. Bh3 Rc1+ 37. Kg2 Rc2+ 38. Nxc2 Qxc2+ 39. Kg1 Qd1+ 40. Bf1 gxf6 41.
Rxa7+ Rf7 42. Rxf7+ Bxf7 43. Bxf6 Bg6 44. Qf2 Qc1 45. Be7 Qf4 46. Rf3 Qg4+ 47.
Kh2 Nb2 48. Bh3 Nd1 49. Rf7+ Kg8 50. Rf8+ Kh7 51. Rh8+ 1-0

[Event "III ShakkiNet International"]
[Site "Helsinki"]
[Date "2001.06.30"]
[Round "9"]
[White "Salmensuu, Olli"]
[Black "Maki-Uuro, Miikka"]
[Result "1-0"]
[WhiteElo "2441"]
[BlackElo "2346"]
[PlyCount "93"]
[EventDate "2001.??.??"]

1. e4 c5 2. Nc3 d6 3. f4 Nc6 4. Nf3 Bg4 5. Bb5 Qd7 6. O-O e6 7. h3 Bxf3 8. Qxf3
a6 9. Bxc6 Qxc6 10. d3 Nf6 11. f5 Be7 12. Qg3 Rg8 13. fxe6 fxe6 14. Bg5 O-O-O
15. e5 dxe5 16. Qxe5 Nd7 17. Qg3 Bxg5 18. Qxg5 Nf6 19. b3 Qd6 20. Na4 e5 21.
Qe3 b6 22. Rae1 Rge8 23. Nb2 e4 24. Nc4 Qc7 25. dxe4 Rxe4 26. Qf3 Rde8 27. Rxe4
Rxe4 28. Rd1 Kb8 29. a4 Ka7 30. a5 b5 31. Nb6 Qf4 32. Qxf4 Rxf4 33. Nd5 Rh4 34.
Nxf6 gxf6 35. Rd7+ Kb8 36. Rd6 Rf4 37. Rxa6 b4 38. Rc6 Rf5 39. g4 Rd5 40. Rxf6
Rd2 41. Rf2 Rd1+ 42. Kg2 Ra1 43. g5 Kc7 44. a6 Kd6 45. Rf7 Ra2 46. a7 Rxc2+ 47.
Rf2 1-0

[Event "III ShakkiNet International"]
[Site "Helsinki"]
[Date "2001.06.30"]
[Round "9"]
[White "Horvath, Joszef"]
[Black "Horvath, Csaba"]
[Result "1/2-1/2"]
[WhiteElo "2551"]
[BlackElo "2508"]
[PlyCount "38"]

1. e4 e5 2. Nf3 Nc6 3. Bb5 a6 4. Ba4 Nf6 5. O-O Be7 6. Re1 b5 7. Bb3 d6 8. c3
O-O 9. h3 Nb8 10. d4 Nbd7 11. Nbd2 Bb7 12. Bc2 Re8 13. Nf1 Bf8 14. Ng3 g6 15.
a4 c5 16. d5 c4 17. Bg5 h6 18. Be3 Nc5 19. Qd2 h5 1/2-1/2

[Event "III ShakkiNet International"]
[Site "Helsinki"]
[Date "2001.06.30"]
[Round "9"]
[White "Solozhenkin, Evgeniy"]
[Black "Agopov, Mikael"]
[Result "1/2-1/2"]
[WhiteElo "2512"]
[BlackElo "2368"]
[PlyCount "31"]

1. d4 Nf6 2. c4 e6 3. Nf3 b6 4. g3 Ba6 5. Nbd2 c5 6. Bg2 Nc6 7. Qa4 Bb7 8. dxc5
Bxc5 9. O-O O-O 10. Nb3 Be7 11. Ne5 Rc8 12. Nxc6 Bxc6 13. Bxc6 Rxc6 14. Bf4 Qa8
15. Rac1 Rfc8 16. Rfd1 1/2-1/2

[Event "III ShakkiNet International"]
[Site "Helsinki"]
[Date "2001.06.21"]
[Round "1"]
[White "Nagy, Laszlo"]
[Black "Kiik, Kalle"]
[Result "0-1"]
[WhiteElo "2047"]
[BlackElo "2451"]
[PlyCount "86"]

1. c4 g6 2. Nc3 Bg7 3. d4 c5 4. Nf3 cxd4 5. Nxd4 Nc6 6. Nxc6 bxc6 7. e4 d6 8.
Be2 Nf6 9. O-O O-O 10. Be3 a5 11. Kh1 Be6 12. f4 Qc8 13. Rc1 Bg4 14. Qc2 Bxe2
15. Qxe2 Qg4 16. Rf3 a4 17. Qc2 Qe6 18. b3 axb3 19. axb3 Rab8 20. h3 Rb7 21. f5
Qe5 22. Bf4 Qa5 23. Ne2 Nd7 24. Bd2 Qb6 25. b4 Ne5 26. Ra3 Qf2 27. Be1 Qb6 28.
Qa4 Rfb8 29. c5 dxc5 30. Rxc5 Qd8 31. Qc2 Rd7 32. Bc3 Rd1+ 33. Kh2 Qd6 34. g3
Rd8 35. Kg2 Nd3 36. e5 Bxe5 37. Qxd1 Nf4+ 38. Nxf4 Qxd1 39. Rxe5 Qc2+ 40. Re2
Qxf5 41. Rxe7 g5 42. Raa7 gxf4 43. gxf4 Qc2+ 0-1

[Event "III ShakkiNet International"]
[Site "Helsinki"]
[Date "2001.06.21"]
[Round "1"]
[White "Gamback, Bjorn"]
[Black "Orso, Miklos"]
[Result "1/2-1/2"]
[WhiteElo "2166"]
[BlackElo "2386"]
[PlyCount "80"]

1. e4 c5 2. c3 d5 3. exd5 Qxd5 4. d4 e6 5. Nf3 Nf6 6. Bd3 Be7 7. O-O O-O 8. Be3
Rd8 9. Bc2 Nc6 10. a3 b6 11. Qe2 Bb7 12. dxc5 bxc5 13. Bg5 h6 14. Bh4 Qh5 15.
Bg3 Bd6 16. Nbd2 Bxg3 17. fxg3 Ne5 18. Rad1 Nxf3+ 19. gxf3 Rab8 20. Ne4 Nxe4
21. Bxe4 Bxe4 22. Qxe4 Rd5 23. Qe2 Rbd8 24. c4 Rd4 25. Rxd4 cxd4 26. Qd3 e5 27.
Re1 f6 28. b4 Qf7 29. Kf2 h5 30. h3 a5 31. b5 h4 32. g4 Qc7 33. Rb1 e4 34. fxe4
Qh2+ 35. Kf1 Qh1+ 36. Kf2 Qh2+ 37. Kf1 Re8 38. Re1 Qh1+ 39. Kf2 Qh2+ 40. Kf1
Qh1+ 1/2-1/2

[Event "III ShakkiNet International"]
[Site "Helsinki"]
[Date "2001.06.21"]
[Round "1"]
[White "Kekki, Petri"]
[Black "Hamalainen, Sami"]
[Result "1-0"]
[WhiteElo "2289"]
[BlackElo "2186"]
[PlyCount "75"]

1. d4 Nf6 2. c4 e6 3. Nc3 Bb4 4. e3 c5 5. Bd3 Nc6 6. Nf3 Bxc3+ 7. bxc3 d6 8. e4
e5 9. h3 h6 10. Be3 b6 11. O-O O-O 12. Kh2 Qe8 13. d5 Ne7 14. Nd2 Ng6 15. Qf3
Nh7 16. Qg3 Nf6 17. Be2 a5 18. h4 h5 19. Rab1 Rb8 20. Rb2 Ng4+ 21. Bxg4 Bxg4
22. f3 f5 23. fxg4 f4 24. Qe1 fxe3 25. Qxe3 hxg4 26. Qg5 g3+ 27. Qxg3 Nf4 28.
Qg4 Rf6 29. Nf3 Rh6 30. g3 Rg6 31. Ng5 Rxg5 32. Qxg5 Ng6 33. Rbf2 Rb7 34. h5
Nh8 35. Rf8+ Qxf8 36. Rxf8+ Kxf8 37. Qd8+ Kf7 38. Qxh8 1-0

[Event "III ShakkiNet International"]
[Site "Helsinki"]
[Date "2001.06.21"]
[Round "1"]
[White "Liitiainen, Elia"]
[Black "Frenklakh, Valery"]
[Result "1/2-1/2"]
[WhiteElo "2172"]
[BlackElo "2275"]
[PlyCount "83"]

1. e4 c5 2. Nc3 Nc6 3. f4 d6 4. Nf3 Nf6 5. Bb5 Bd7 6. d3 e6 7. O-O Be7 8. Qe1
O-O 9. e5 Nd5 10. Ne4 Nd4 11. Nxd4 cxd4 12. Bc4 Bc6 13. Bd2 Rc8 14. exd6 Bxd6
15. Bxd5 Bxd5 16. Nxd6 Qxd6 17. Bb4 Rxc2 18. Rf2 Qc6 19. Bxf8 Kxf8 20. Qb4+ Qc5
21. Qxc5+ Rxc5 22. Kf1 Ke7 23. Ke1 h5 24. b3 Rc3 25. Kd2 b5 26. Rc1 b4 27. g3
a5 28. Rff1 Kd6 29. Rfe1 f6 30. Rxc3 dxc3+ 31. Kc2 Kc5 32. Ra1 Bc6 33. Re1 Bd5
34. h3 Kd4 35. g4 hxg4 36. hxg4 e5 37. fxe5 fxe5 38. Rf1 Be6 39. g5 a4 40. Rf8
axb3+ 41. axb3 Bd5 42. Rb8 1/2-1/2

[Event "III ShakkiNet International"]
[Site "Helsinki"]
[Date "2001.06.21"]
[Round "1"]
[White "Seeman, Tarvo"]
[Black "Keskinen, Sauli"]
[Result "1-0"]
[WhiteElo "2427"]
[BlackElo "2240"]
[PlyCount "65"]

1. d4 Nf6 2. c4 g6 3. Nc3 Bg7 4. Bg5 d6 5. e3 O-O 6. Bd3 e5 7. Nge2 h6 8. Bh4
Nc6 9. O-O Ne7 10. f3 Nf5 11. Bf2 exd4 12. Nxd4 Nxd4 13. exd4 d5 14. c5 c6 15.
b4 Nh5 16. Ne2 Re8 17. g4 Nf6 18. Ng3 Nh7 19. f4 Qh4 20. f5 Ng5 21. Kh1 Nh3 22.
Qf3 Ng5 23. Qd1 Nh3 24. Be1 Bxd4 25. fxg6 fxg6 26. Bxg6 Bxg4 27. Bf7+ Kf8 28.
Bxe8+ Bf2 29. Qd3 Qf6 30. Bh5 Qxa1 31. Bxg4 Kg7 32. Nh5+ Kh8 33. Bc3+ 1-0

[Event "III ShakkiNet International"]
[Site "Helsinki"]
[Date "2001.06.23"]
[Round "2"]
[White "Frenklakh, Valery"]
[Black "Seeman, Tarvo"]
[Result "1/2-1/2"]
[WhiteElo "2275"]
[BlackElo "2427"]
[PlyCount "64"]

1. e4 c5 2. Nf3 e6 3. d4 cxd4 4. Nxd4 Nc6 5. Nxc6 bxc6 6. c4 Nf6 7. Bd3 e5 8.
O-O d6 9. Nc3 Be7 10. b4 O-O 11. b5 cxb5 12. Nxb5 Be6 13. a4 Nd7 14. Ba3 Nc5
15. Nc3 Rc8 16. Nd5 Qd7 17. Bc2 Bd8 18. Rb1 g6 19. Rb5 f5 20. Bxc5 Rxc5 21.
Rxc5 dxc5 22. Qa1 Qg7 23. Qa3 Bxd5 24. cxd5 Be7 25. Qh3 Qf6 26. exf5 gxf5 27.
Kh1 e4 28. g4 Qh4 29. Qxh4 Bxh4 30. gxf5 Rxf5 31. Bxe4 Rxf2 32. Rxf2 Bxf2
1/2-1/2

[Event "III ShakkiNet International"]
[Site "Helsinki"]
[Date "2001.06.23"]
[Round "2"]
[White "Hamalainen, Sami"]
[Black "Liitiainen, Elia"]
[Result "0-1"]
[WhiteElo "2186"]
[BlackElo "2172"]
[PlyCount "76"]

1. e4 Nf6 2. e5 Nd5 3. d4 d6 4. Nf3 g6 5. Bc4 c6 6. Bxd5 cxd5 7. Nc3 Nc6 8. Bf4
dxe5 9. dxe5 Be6 10. Qd2 Qa5 11. O-O Bg7 12. a3 Rd8 13. b4 Qc7 14. Nb5 Qd7 15.
Nbd4 Nxd4 16. Nxd4 Rc8 17. Rfe1 O-O 18. Re3 Rc4 19. Rc3 Rfc8 20. Rxc4 Rxc4 21.
Bg3 Qc7 22. Re1 Qb6 23. Nb3 h5 24. h4 Kh7 25. Nc5 Qc6 26. Nxe6 fxe6 27. Re2 Bh6
28. Qd3 Rc3 29. Qd1 Rxa3 30. c4 Qxc4 31. Rc2 Rc3 32. Rxc3 Qxc3 33. Qa4 d4 34.
Qe8 d3 35. Qf7+ Bg7 36. Bf4 d2 37. Bxd2 Qxd2 38. Qxe6 Qe1+ 0-1

[Event "III ShakkiNet International"]
[Site "Helsinki"]
[Date "2001.06.23"]
[Round "2"]
[White "Orso, Miklos"]
[Black "Kekki, Petri"]
[Result "1-0"]
[WhiteElo "2386"]
[BlackElo "2289"]
[PlyCount "91"]

1. d4 d5 2. Nf3 e6 3. Bf4 c5 4. e3 Nc6 5. c3 Bd6 6. Bg3 Bxg3 7. hxg3 Qd6 8.
Nbd2 Nf6 9. Bb5 Bd7 10. Bxc6 Bxc6 11. Ne5 Rc8 12. Qf3 h6 13. g4 Rf8 14. Qg3 Nd7
15. g5 hxg5 16. Qxg5 g6 17. Ndf3 Qe7 18. Qxe7+ Kxe7 19. Rh7 Ke8 20. Nxd7 Bxd7
21. Ne5 Rc7 22. Kd2 g5 23. Rg7 cxd4 24. exd4 Ke7 25. Rh1 Kf6 26. Rhh7 Bb5 27.
f3 b6 28. Ng4+ Ke7 29. Rxg5 Rfc8 30. Rgg7 Be8 31. Ne5 b5 32. a3 a5 33. Ke3 b4
34. axb4 axb4 35. cxb4 Rb8 36. Nd3 Kd6 37. g4 Rc2 38. Rh8 Ke7 39. g5 Kd6 40.
Rxf7 Bxf7 41. Rxb8 Kc7 42. Ra8 Bg6 43. Ne5 Bf5 44. g6 Rg2 45. g7 Bh7 46. Ng4
1-0

[Event "III ShakkiNet International"]
[Site "Helsinki"]
[Date "2001.06.23"]
[Round "2"]
[White "Nagy, Laszlo"]
[Black "Gamback, Bjorn"]
[Result "1-0"]
[WhiteElo "2047"]
[BlackElo "2166"]
[PlyCount "99"]

1. c4 e5 2. Nc3 Nc6 3. g3 f5 4. Bg2 Nf6 5. d3 Be7 6. e3 O-O 7. Nge2 Qe8 8. O-O
d6 9. a3 a5 10. b3 Be6 11. d4 Bf7 12. Bb2 e4 13. Qd2 a4 14. Nxa4 Na5 15. Qc2 b5
16. Nac3 bxc4 17. b4 Nb3 18. Rab1 d5 19. Nc1 Nxc1 20. Bxc1 Bh5 21. a4 Qg6 22.
f3 Bd6 23. f4 Qh6 24. b5 Rfb8 25. Bd2 g5 26. a5 gxf4 27. exf4 Kh8 28. b6 cxb6
29. axb6 Qf8 30. Rb5 Be8 31. Rxd5 Nxd5 32. Nxd5 Bf7 33. Ne3 Rxb6 34. Nxf5 Bb4
35. Be3 Bd5 36. Bxe4 Qf7 37. Bf2 Bf8 38. Ne3 Bxe4 39. Qxe4 Re8 40. Qc2 Rc6 41.
d5 Rcc8 42. Rd1 Red8 43. Kg2 Rd6 44. Qe4 Rc5 45. Qd4+ Rf6 46. Ng4 Rxd5 47. Qxd5
Qxd5+ 48. Rxd5 Rc6 49. Bd4+ Kg8 50. Rg5+ 1-0

[Event "III ShakkiNet International"]
[Site "Helsinki"]
[Date "2001.06.24"]
[Round "3"]
[White "Gamback, Bjorn"]
[Black "Kiik, Kalle"]
[Result "1/2-1/2"]
[WhiteElo "2166"]
[BlackElo "2451"]
[PlyCount "59"]

1. Nf3 g6 2. g3 Bg7 3. Bg2 e5 4. d3 d5 5. O-O Ne7 6. c3 O-O 7. Qc2 c5 8. Nbd2
Nbc6 9. e4 d4 10. cxd4 cxd4 11. a3 h6 12. b4 a6 13. Rb1 Be6 14. Nb3 b6 15. Bd2
Rc8 16. Qb2 f5 17. Rfc1 Qd6 18. Be1 fxe4 19. dxe4 Kh7 20. Nfd2 Nb8 21. Bf1 Bd7
22. Rxc8 Nxc8 23. Rc1 Bf6 24. Qc2 Bd8 25. Nc4 Qf6 26. Nb2 Nd6 27. a4 Bg4 28. a5
b5 29. h3 Be6 30. Nc5 1/2-1/2

[Event "III ShakkiNet International"]
[Site "Helsinki"]
[Date "2001.06.24"]
[Round "3"]
[White "Kekki, Petri"]
[Black "Nagy, Laszlo"]
[Result "1/2-1/2"]
[WhiteElo "2289"]
[BlackElo "2047"]
[PlyCount "74"]

1. d4 g6 2. Nf3 d5 3. c4 c6 4. Nc3 Nf6 5. Bf4 Bg7 6. e3 O-O 7. Rc1 a6 8. Be2
Nbd7 9. cxd5 cxd5 10. Qb3 e6 11. O-O Qe7 12. a4 Nh5 13. Bg5 f6 14. Bh4 g5 15.
Ne1 gxh4 16. Bxh5 f5 17. Nd3 Kh8 18. Bf3 b5 19. axb5 axb5 20. Ra1 Rb8 21. Nb4
Qd6 22. Ra5 Nf6 23. Rfa1 Ne4 24. Na6 Rb6 25. Bxe4 dxe4 26. Nc5 e5 27. Rxb5 Rxb5
28. Nxb5 Qb6 29. Qc4 exd4 30. exd4 Qg6 31. Qd5 Rg8 32. Nd6 h6 33. Ra8 Bf8 34.
Nf7+ Kh7 35. g3 hxg3 36. hxg3 Qg4 37. Rxc8 Qd1+ 1/2-1/2

[Event "III ShakkiNet International"]
[Site "Helsinki"]
[Date "2001.06.24"]
[Round "3"]
[White "Liitiainen, Elia"]
[Black "Orso, Miklos"]
[Result "0-1"]
[WhiteElo "2172"]
[BlackElo "2386"]
[PlyCount "72"]

1. Nf3 Nf6 2. g3 d5 3. Bg2 c6 4. d4 Bg4 5. Nbd2 Nbd7 6. O-O e6 7. b3 a5 8. a3
Be7 9. c4 O-O 10. Bb2 Qb8 11. Rc1 Rc8 12. Re1 b5 13. c5 b4 14. a4 Rd8 15. h3
Bh5 16. g4 Bg6 17. Nh4 Nxg4 18. Nxg6 Qh2+ 19. Kf1 Ne3+ 20. fxe3 fxg6 21. Nf3
Rf8 22. Qd3 Bh4 23. e4 Rf4 24. exd5 exd5 25. Rcd1 Raf8 26. Bc1 R4f5 27. Be3 Rh5
28. Bf2 Rg5 29. Nxh2 Rxf2+ 30. Kg1 Rgxg2+ 31. Kh1 Rxh2+ 32. Kg1 Rfg2+ 33. Kf1
Rg5 34. Qf3 Rf5 35. Kg1 Rxf3 36. exf3 Bxe1 0-1

[Event "III ShakkiNet International"]
[Site "Helsinki"]
[Date "2001.06.24"]
[Round "3"]
[White "Seeman, Tarvo"]
[Black "Hamalainen, Sami"]
[Result "1/2-1/2"]
[WhiteElo "2427"]
[BlackElo "2186"]
[PlyCount "22"]

1. e4 e5 2. Nf3 Nc6 3. Bb5 a6 4. Ba4 Nf6 5. O-O Nxe4 6. d4 exd4 7. Re1 d5 8.
Nxd4 Bd6 9. Nxc6 Bxh2+ 10. Kxh2 Qh4+ 11. Kg1 Qxf2+ 1/2-1/2

[Event "III ShakkiNet International"]
[Site "Helsinki"]
[Date "2001.06.24"]
[Round "3"]
[White "Keskinen, Sauli"]
[Black "Frenklakh, Valery"]
[Result "1-0"]
[WhiteElo "2240"]
[BlackElo "2275"]
[PlyCount "79"]

1. e4 c6 2. d3 d5 3. Nd2 e5 4. Ngf3 Nd7 5. g3 dxe4 6. dxe4 Ngf6 7. Bg2 Bc5 8.
O-O O-O 9. Qe2 Re8 10. b3 b5 11. a4 a5 12. Bb2 Ba6 13. axb5 cxb5 14. Ne1 Qb6
15. Kh1 b4 16. Nd3 Bd4 17. Bxd4 Qxd4 18. f4 Qc3 19. Nf3 exf4 20. gxf4 Rxe4 21.
Qd1 Bxd3 22. cxd3 Re3 23. Rc1 Qb2 24. Rc2 Qa3 25. Ne5 Nxe5 26. Bxa8 Ned7 27.
Rc8+ Nf8 28. Qc2 Re8 29. Rxe8 Nxe8 30. Bc6 Nf6 31. d4 h6 32. Rd1 a4 33. Bxa4
Nd5 34. Rg1 Nc3 35. Qg2 g6 36. f5 Nxa4 37. fxg6 Nxg6 38. Qa8+ Kg7 39. Qxa4 Qb2
40. Qxb4 1-0

[Event "III ShakkiNet International"]
[Site "Helsinki"]
[Date "2001.06.25"]
[Round "4"]
[White "Kiik, Kalle"]
[Black "Frenklakh, Valery"]
[Result "1-0"]
[WhiteElo "2451"]
[BlackElo "2275"]
[PlyCount "111"]

1. e4 c5 2. c3 d5 3. exd5 Qxd5 4. d4 Nf6 5. Nf3 cxd4 6. cxd4 e6 7. Nc3 Qd6 8.
Bc4 Be7 9. O-O O-O 10. Re1 a6 11. Bb3 Nc6 12. Bg5 Rd8 13. Rc1 Na5 14. Bc2 b5
15. Qd3 g6 16. d5 Bb7 17. Qd4 Nxd5 18. Qh4 Bxg5 19. Nxg5 h5 20. Nxd5 Bxd5 21.
Rcd1 Qe7 22. Qf4 Nc4 23. b3 Nb6 24. h4 Rac8 25. Bb1 Rc6 26. g4 hxg4 27. Qxg4
Qf6 28. Rd4 e5 29. Rd2 Be6 30. Rxd8+ Qxd8 31. Nxe6 Rxe6 32. h5 Qd2 33. Rd1 Qf4
34. Qxf4 exf4 35. hxg6 fxg6 36. Kg2 Kg7 37. Kf3 g5 38. Bf5 Re5 39. Be4 Kf6 40.
Rd8 b4 41. Rb8 Re6 42. Rg8 Ke5 43. Rxg5+ Kd4 44. Bb7 Rf6 45. Ra5 Kc3 46. Rxa6
Kb2 47. Kg4 Nd7 48. Rxf6 Nxf6+ 49. Kxf4 Kxa2 50. Kf5 Nd7 51. Bd5 Nc5 52. f4
Nxb3 53. Ke5 Ka3 54. f5 Nc5 55. Kd6 Nd3 56. f6 1-0

[Event "III ShakkiNet International"]
[Site "Helsinki"]
[Date "2001.06.25"]
[Round "4"]
[White "Hamalainen, Sami"]
[Black "Keskinen, Sauli"]
[Result "0-1"]
[WhiteElo "2186"]
[BlackElo "2240"]
[PlyCount "46"]

1. e4 c5 2. Nf3 Nc6 3. Nc3 e5 4. Bc4 d6 5. d3 Be7 6. Nd2 Nf6 7. Nf1 O-O 8. Ne3
a6 9. a4 Rb8 10. g4 Nd4 11. g5 Ne8 12. h4 b5 13. Ba2 Kh8 14. Ncd5 f5 15. Nxe7
Qxe7 16. c3 fxe4 17. dxe4 Nc7 18. axb5 axb5 19. Bd5 Nxd5 20. Nxd5 Qf7 21. Be3
Nf3+ 22. Kf1 Bg4 23. Qb1 Nd2+ 0-1

[Event "III ShakkiNet International"]
[Site "Helsinki"]
[Date "2001.06.25"]
[Round "4"]
[White "Orso, Miklos"]
[Black "Seeman, Tarvo"]
[Result "0-1"]
[WhiteElo "2386"]
[BlackElo "2427"]
[PlyCount "80"]

1. d4 Nf6 2. Nf3 g6 3. c4 Bg7 4. Nc3 O-O 5. e4 d6 6. Be2 e5 7. O-O Nh5 8. dxe5
dxe5 9. Qxd8 Rxd8 10. Nd5 Na6 11. Bg5 f6 12. Be3 Bf8 13. Rfd1 Bg4 14. h3 Bxf3
15. Bxf3 c6 16. Nc3 Bc5 17. Bxh5 Bxe3 18. fxe3 gxh5 19. Kf2 Nc5 20. Ke2 a5 21.
a3 a4 22. Rf1 Kf7 23. Rad1 Rxd1 24. Rxd1 Rg8 25. Kf3 h4 26. Ne2 Ke6 27. g3 f5
28. exf5+ Kxf5 29. e4+ Kg5 30. Rg1 Rf8+ 31. Ke3 Rd8 32. gxh4+ Kxh4 33. Rg7 Rd3+
34. Kf2 Nxe4+ 35. Kg2 h5 36. Rxb7 Rxh3 37. Rb4 Re3 38. Kf1 Rf3+ 39. Kg1 Kh3 40.
Rxa4 Nd2 0-1

[Event "III ShakkiNet International"]
[Site "Helsinki"]
[Date "2001.06.26"]
[Round "5"]
[White "Kekki, Petri"]
[Black "Kiik, Kalle"]
[Result "1-0"]
[WhiteElo "2289"]
[BlackElo "2451"]
[PlyCount "81"]

1. d4 d6 2. Nf3 Bg4 3. c4 Bxf3 4. exf3 g6 5. f4 Bg7 6. g3 c6 7. Nc3 e6 8. d5
exd5 9. cxd5 Ne7 10. Bg2 O-O 11. O-O c5 12. h4 Nd7 13. h5 Nf6 14. hxg6 hxg6 15.
Bh3 Nh7 16. Qd3 a6 17. a4 f5 18. Bd2 Qd7 19. Rfe1 Rf7 20. Re2 b6 21. Rae1 Ra7
22. b3 Nf8 23. Rd1 Qc8 24. Bc1 Rc7 25. Qc4 Nd7 26. Re6 b5 27. axb5 Nb6 28. Qd3
c4 29. bxc4 Rxc4 30. Ne2 axb5 31. Rxd6 Na4 32. Qb3 Qb8 33. Ba3 Nc3 34. Nxc3
Rxc3 35. Qb4 Qa7 36. Bb2 Rc2 37. Bd4 Qa4 38. Rd8+ Bf8 39. Qxa4 bxa4 40. Bg2 Rc8
41. Rd7 1-0